Team Canada - NHL 4 Nations Face-Off 2025 - Statistics

General Stats
  • This quiz has been taken 137 times
  • The average score is 19 of 24
Answer Stats
P GP Pos. Team Answer % Correct
5 4 C Edmonton Oilers Connor McDavid
100%
5 4 C Pittsburgh Penguins Sidney Crosby
100%
4 4 C Colorado Avalanche Nathan MacKinnon
98%
3 4 R Toronto Maple Leafs Mitch Marner
95%
1 4 L Boston Bruins Brad Marchand
88%
1 3 D Colorado Avalanche Cale Makar
88%
2 4 C Tampa Bay Lightning Brayden Point
87%
.907 4 G St. Louis Blues Jordan Binnington
87%
1 3 C Florida Panthers Sam Bennett
85%
4 4 C Florida Panthers Sam Reinhart
85%
1 4 D Los Angeles Kings Drew Doughty
82%
0 4 D Colorado Avalanche Devon Toews
78%
N/A 0 G Vegas Golden Knights Adin Hill
76%
1 4 L Tampa Bay Lightning Brandon Hagel
76%
1 3 C Carolina Hurricanes Seth Jarvis
75%
0 3 D Winnipeg Jets Josh Morrissey
73%
1 4 R Vegas Golden Knights Mark Stone
71%
N/A 0 G Montreal Canadiens Sam Montembeault
70%
0 4 D St. Louis Blues Colton Parayko
67%
0 2 R Philadelphia Flyers Travis Konecny
66%
1 2 D Dallas Stars Thomas Harley
65%
1 3 D Philadelphia Flyers Travis Sanheim
64%
0 4 C Tampa Bay Lightning Anthony Cirelli
63%
0 1 D Vegas Golden Knights Shea Theodore
62%
No matching quizzes found
Score Distribution
Percent of People with Each Score
Percentile by Number Answered
Your Score History
You have not taken this quiz